Дело по представлению Таганрогского военного губернатора, об отводе торгующим мест под постройку магазинов

Доступно только в Электронных читальных залах Найти на картеНа карте
RUSMARC
00003714nmc2a2200000 x 450
00173ae1bae-0466-4363-8f1d-7f9981a421aa
00520170117110519.0
100##$a20140917l18041804k l0rusy0189 ca
1010#$arus
102##$aRU
2001#$aДело по представлению Таганрогского военного губернатора, об отводе торгующим мест под постройку магазинов
$j[Начато]6 апреля 1804 г.
251##$cДело
300##$aДело
801#0$aRU
$bРГИА
$c20140917
$gRCR
801#1$aRU
$bГлавНИВЦ
$c20140917
$2rusmarc
801#2$aRU
$bПБ им. Б.Н. Ельцина
$c20170117
$gRCR
$2rusmarc
850##$aРГИА
852##$aРГИА
$eФедеральное казенное учреждение "Российский государственный исторический архив" (РГИА)
$j13
937##$hРГИА
$d11540149
$aASBIBLIO_SCAN
462#0$100179a3dcbf-b6b4-4399-96ae-bc4b50eeaa70
$12001
$a1802-1810 гг. Дела Департамента полиции исполнительной МВД за 1804 г.
$1251
$cОпись
$1852
$j1
461#0$10013e300ed0-cd39-49af-8489-5ba5b90fa401
$12001
$aДепартамент полиции исполнительной МВД
$1251
$cФонд
$1852
$j1286
215##$a20 л.
$d36,5x26 см
$cплан.
371##$aДокумент не является опубликованным и широко распространяемым
105##$ae###
1222#$ad
035##$a73ae1bae-0466-4363-8f1d-7f9981a421aa
856##$uhttp://readingroom.main.prlib.ru/item.aspx?id_node=n94413139&mode=full
Формат отображения